Retail at rock bottom (Record no. 81653)

MARC details
000 -LEADER
fixed length control field 01152cab a22002055a 4500
001 - CONTROL NUMBER
control field L147853
008 - FIXED-LENGTH DATA ELEMENTS--GENERAL INFORMATION
fixed length control field 090624e20090619xxkdo f 000 0 eng d
035 ## - SYSTEM CONTROL NUMBER
System control number (Sirsi) u147853
041 0# - LANGUAGE CODE
Language code of text/sound track or separate title eng
100 1# - MAIN ENTRY--PERSONAL NAME
Personal name Thomas, Daniel
245 00 - TITLE STATEMENT
Title Retail at rock bottom
260 ## - PUBLICATION, DISTRIBUTION, ETC.
Date of publication, distribution, etc. 2009
490 #0 - SERIES STATEMENT
Series statement Property Week
Volume/sequential designation 75(25) 19 June 2009, 24-27(4)
520 ## - SUMMARY, ETC.
Summary, etc. Presents the findings of Collier CRE's 2009 "Midsummer Retail Report" which sees the end of the bear market is in sight after the worst period for retail property on record and falling rents as the key feature of the current market. Takes a positive view on investment in retail property, suggesting that retailers wanting to expand can use this period to their advantage. Lists currently expanding retailers. Concludes with Collier CRE's forecasts for the retail sector. Tables cover static/fallen rents, high street administrations, index of prime rental performance and the development pipeline.
590 ## - LOCAL NOTE (RLIN)
Local note KA
651 #4 - SUBJECT ADDED ENTRY--GEOGRAPHIC NAME
Geographic name United Kingdom
Chronological subdivision
690 ## - LOCAL SUBJECT ADDED ENTRY--TOPICAL TERM (OCLC, RLIN)
Topical term or geographic name as entry element PROPERTY-COMMERCIAL PROPERTY-RETAIL PROPERTY
690 ## - LOCAL SUBJECT ADDED ENTRY--TOPICAL TERM (OCLC, RLIN)
Topical term or geographic name as entry element PROPERTY-COMMERCIAL PROPERTY-COMMERCIAL PROPERTY MARKET
942 ## - ADDED ENTRY ELEMENTS (KOHA)
Suppress in OPAC 0
Holdings
Withdrawn status Lost status Source of classification or shelving scheme Damaged status Not for loan Home library Current library Shelving location Date acquired Total Checkouts Full call number Barcode Date last seen Copy number Price effective from Koha item type
    Dewey Decimal Classification     London London Journal article 24/06/2009   L147853 147853-1001 06/08/2019 1 06/08/2019 Journal article